000 006280000a22001450004500
090 _aAS
_bSeriadas
245 1 0 _aEcología de anidación y conservación de la tortuga Caná, Dermochelys coriacea, en La Playona, golfo de Urabá chocoano (Colombia) en 1998
246 3 _aNesting ecology and conservation of the leatherback turtle, Dermochelys coriacea, at La Playona, chocoan of Urabá (Colombia) in 1998
041 0 _aEspañol
700 1 _aPáez, Vivian P.
_923030
700 1 _aPatiño, Juan A.
_999657
100 1 _aDuque, Verónica M.
_999658
942 _cARTICULO
773 1 _tActualidades Biológicas
_h72
_q37-53
_d2000
_g22
999 _c15415
_d15415